000 01000nam a2200289 4500
003 EG-GICUC
005 20260224000951.0
008 260223t ua|||||f |||| 00| 0 ara d
040 _a EG-GICUC
_bara
_c EG-GICUC
_d EG-GICUC
_erda
043 _af-ua---
082 0 4 _221
_a343.421
092 0 4 _221
099 _aLaw1 10 343.421 ي س . ق
100 0 _aيس الشاذلي
245 1 0 _aقوانين العقوبات :
_bالمخدرات والمراقبة القضائية طبقا لأخر التعديلات /
_cيس الشاذلي.
264 _aالقاهرة:
300 _a407; صفحة
_c24 سم
336 _2rda content
_atext
337 _2rda media
_aComputer
338 _2rda carrier
_aOnline Resource
504 _a. 240-220 ببليوجرافيا: صفحات.
650 1 4 _aالتشريعات المتعلقة بالمخدرات
_2qrmak
651 1 _2qrmak
856 4 0 _uhttps://fll.law.cu.edu.eg/fulltext/bks/B10-008830.pdf
905 _a17
942 _2ddc
_n0
_cBK
_e21
999 _c64032
_d64032